Comprehensive radiographic pathology / (Record no. 171272)

MARC details
000 -LEADER
fixed length control field 01057nam a22003017a 4500
003 - CONTROL NUMBER IDENTIFIER
control field OSt
005 - DATE AND TIME OF LATEST TRANSACTION
control field 20260211093803.0
008 - FIXED-LENGTH DATA ELEMENTS--GENERAL INFORMATION
fixed length control field 250217b |||||||| |||| 00| 0 eng d
020 ## - INTERNATIONAL STANDARD BOOK NUMBER
International Standard Book Number 9780323566704 (Paperback)
040 ## - CATALOGING SOURCE
Original cataloging agency NUST
Language of cataloging eng
Transcribing agency NUST
Modifying agency NUST
Description conventions rda
050 ## - LIBRARY OF CONGRESS CALL NUMBER
Classification number RC78 EIS
100 ## - MAIN ENTRY--PERSONAL NAME
Personal name Eisenberg, Ronald L.
Relator term Author
245 ## - TITLE STATEMENT
Title Comprehensive radiographic pathology /
Statement of responsibility, etc. Ronald L. Eisenberg and Nancy M. Johnson.
250 ## - EDITION STATEMENT
Edition statement Seventh edition.
260 ## - PUBLICATION, DISTRIBUTION, ETC.
Place of publication, distribution, etc. St. Louis, Missouri :
Name of publisher, distributor, etc. Elsevier,
Date of publication, distribution, etc. ©2021.
300 ## - PHYSICAL DESCRIPTION
Extent xii, 465 pages :
Other physical details Illustrations ;
Dimensions 28 cm.
336 ## - CONTENT TYPE
Source rdacontent
Content type term text
Content type code txt
337 ## - MEDIA TYPE
Source rdamedia
Media type term unmediated
Media type code n
338 ## - CARRIER TYPE
Source rdacarrier
Carrier type term volume
Carrier type code nc
504 ## - BIBLIOGRAPHY, ETC. NOTE
Bibliography, etc. note Includes index.
650 ## - SUBJECT ADDED ENTRY--TOPICAL TERM
Topical term or geographic name entry element Diagnosis, Radioscopic.
650 ## - SUBJECT ADDED ENTRY--TOPICAL TERM
Topical term or geographic name entry element Diagnosis, Radioscopic
General subdivision Problems, exercises, etc.
650 ## - SUBJECT ADDED ENTRY--TOPICAL TERM
Topical term or geographic name entry element Pathology
General subdivision Problems, exercises, etc.
650 ## - SUBJECT ADDED ENTRY--TOPICAL TERM
Topical term or geographic name entry element Radiography
General subdivision methods.
650 ## - SUBJECT ADDED ENTRY--TOPICAL TERM
Topical term or geographic name entry element Pathology.
700 ## - ADDED ENTRY--PERSONAL NAME
Personal name Johnson, Nancy M.
Relator term Author
942 ## - ADDED ENTRY ELEMENTS (KOHA)
Source of classification or shelving scheme Library of Congress Classification
Koha item type Ordinary Loan Books
Edition Seventh edition.
Classification part RC78 EIS
Call number prefix RC
Call number suffix EIS
Suppress in OPAC No
Holdings
Withdrawn status Lost status Source of classification or shelving scheme Damaged status Not for loan Collection Home library Current library Shelving location Date acquired Source of acquisition Cost, normal purchase price Total Checkouts Full call number Barcode Date last seen Accession number Cost, replacement price Price effective from Koha item type Public note
    LCC     NFIC Medical Medical GEN 02/17/2025 Book Aid International 124.00   RC78 EIS 92004056738 02/17/2025 62518 124.00 02/17/2025 BOOKS Donation
    LCC     NFIC Medical Medical GEN 02/24/2025 Book Aid International 100.00   RC78 EIS 92004054551 02/24/2025 62127 100.00 02/24/2025 BOOKS Donation
    LCC     NFIC Medical Medical GEN 02/24/2025 Book Aid International 100.00   RC78 EIS 92004054550 02/24/2025 62126 100.00 02/24/2025 BOOKS Donation
    LCC     NFIC Medical Medical GEN 10/13/2025 Book Aid International 95.00   RC78 EIS 92004054937 10/13/2025 62407 95.00 10/13/2025 BOOKS Donation
    LCC     NFIC Medical Medical GEN 02/11/2026 Book Aid International 95.00   RC78 EIS 92004057934 02/11/2026 63458 95.00 02/11/2026 BOOKS Donation